000
00386nam a2200157 a 4500
005
20140414131903.0
008
090218s19uu xx 00 eng d
050
_a
FIC
_b
L58 1951
100
_a
Lewis, C. S.
245
_a
Prince Caspian.
260
_a
New York :
_b
Scholastic ,
_c
1951.
440
_a
The Chronicles of Narnia
999
_c
110781
_d
110781